Normal view
MARC view
- América Latina
Entry Nombre Geográfico
001 - NÚMERO DE CONTROL
- campo de control: 11761
003 - IDENTIFICADOR DE NUMERO DE CONTROL
- campo de control: UPN
005 - FECHA Y HORA DE LA ÜLTIMA TRANSACCIÓN
- campo de control: 20230309085110.0
008 - DATOS DE LONGITUD FIJA
- campo de control de longitud fija: 230309n||acnnnaabn | ana |d
035 ## - NÚMERO DE CONTROL
- Número de control: UPN10000011768
040 ## - FUENTE DE CATALOGACIÓN
- Agencia de catalogación original: UPN
- Lenguaje de catalogación: spa
- Agencia de transcripción: UPN
151 ## - ENCABEZAMIENTO - NOMBRE GEOGRÁFICO
- Nombre geográfico: América Latina
- Subdivisión general : Condiciones sociales
- Subdivisión cronológica : 1982-
670 ## - FUENTE EN LA QUE SE LOCALIZARON DATOS
- Cita de la fuente: LC
- Información localizada: Latin America - Social conditions - 1982-
902 ## - CATALOGADOR
- Catalogador: MCM/060209
